Жизнь природы. Картина физических и химический явлений

Detalles Bibliográficos
Autor Principal: Мейер Г.-Ф.-В. Георг-Фридрих-Вильгельм
Outros autores: Кулишер А. Р. (переводчик), Гезехус Н. А. Николай Александрович (редактор)
Summary:Текст в русской дореформенной орфографии
Раздельная пагинация страниц
Дозволено цензурою
Idioma:ruso
Publicado: Санкт-Петербург, Книгоиздательское Товарищество "Просвещение", [1905]
Series:Вся природа
Subjects:
Formato: Libro
KOHA link:https://koha.lib.tpu.ru/cgi-bin/koha/opac-detail.pl?biblionumber=314332

MARC

LEADER 00000nam0a2200000 4500
001 314332
005 20231102002651.0
035 |a (RuTPU)RU\TPU\book\339753 
090 |a 314332 
100 |a 20160212d1905 km y0rusy50 ca 
101 1 |a rus  |c ger 
102 |a RU 
105 |a acf z 001zy 
200 1 |a Жизнь природы. Картина физических и химический явлений  |f Г.-Ф.-В. Мейер  |g пер. с нем. А. Р. Кулишера ; под ред. профессора Н. А. Гезехуса 
210 |a Санкт-Петербург  |c Книгоиздательское Товарищество "Просвещение"  |d [1905] 
215 |a XVI, 651 с.  |c 520 рисунков и чертежей в тексте, 29 отдельных приложений (гравюр на дереве, автотипий и хромолитографий) 
225 1 |a Вся природа 
300 |a Текст в русской дореформенной орфографии 
300 |a Раздельная пагинация страниц 
300 |a Дозволено цензурою 
316 |5 63413507: 9//432  |a С дарственной надписью на переднем форзаце: "Константину Петровичу Гринаковскому на добрую память от И. Т. Повсянко" 
317 |5 63413507: 9//432  |a Поступил в НТБ в 1921 г. по счету К. П. Гринаковского 
320 |a Указ.: с. 639-651 
606 1 |a Естествознание  |2 stltpush  |3 (RuTPU)RU\TPU\subj\68178  |9 83661 
610 1 |a природа 
610 1 |a природная среда 
610 1 |a явления природы 
610 1 |a физические явления 
610 1 |a химические явления 
610 1 |a физические законы 
610 1 |a дарственные надписи 
610 1 |a дары 
610 1 |a Коллекция К. П. Гринаковского 
675 |a 50  |v 4 
700 1 |a Мейер  |b Г.-Ф.-В.  |c немецкий ботаник  |c врач  |f 1782-1856  |g Георг-Фридрих-Вильгельм  |2 stltpush  |3 (RuTPU)RU\TPU\pers\36190  |9 19270 
702 1 |a Кулишер  |b А. Р.  |4 730 
702 1 |a Гезехус  |b Н. А.  |c русский физик  |c первый ректор Томского Университета  |c ректор Петербургского технологического института (1889-1919)  |f 1845-1919  |g Николай Александрович  |2 stltpush  |3 (RuTPU)RU\TPU\pers\26717  |4 340  |9 12375 
801 1 |a RU  |b 63413507  |c 20160212 
801 2 |a RU  |b 63413507  |c 20210826  |g RCR 
942 |c BK